LEADER 00704nam a2200193 i 4500 001 000000156630 003 CaOOAMICUS 005 20061211000000.0 008 061211n it u000 u ita u 013 $a133985 040 $aSeMil$bita 245 10$a[Album di S. Tommaso d'Aquino]. 260 $a[S.l. :$bs.n.],$c[18-?] 300 $a1 v., 20 p. di tav. ;$c34 cm. 600 04$aTommaso : d'Aquino .$0(OLS)http://semarc/subject/115 850 $aSeMil 852 $aSeMil$W1$xVenegono$y1$m5K XI 28$j108379$B108379$CSeMilBibl$Z2$F117961 $8I 996 $6245$a[Album di S. Tommaso d'Aquino]$9(OLS)http://semarc/title/229577 996 $6260$a[S.l. :$bs.n.]$9(OLS)http://semarc/publisher/29751 LEADER 01446nam a2200241 i 4500 001 000000000864 003 CaOOAMICUS 005 20180830125434.0 008 180830s1907 xx u000 u und u 040 $aSeMil$bita 100 1 $aGranderath, Théodor .$0(OLS)http://semarc/name/732 245 10$aHistoire du Concile du Vatican depuis sa première annonce jusqu'a sa prorogation d'après les documents authentiques /$cOuvrage du Théodor Granderath. / édité par Conrad Kirch. 260 $aBruxelles :$bDewit,$c1907. 300 $a6 v. ;$c23 cm. 700 1 $aKirch, Conrad,$c.$0(OLS)http://semarc/name/733 774 0 $aGranderath, Théodor $tPréliminaire du Concile.$gTome1$w()46137 774 0 $aGranderath, Théodor $tOuverture du Concile et le trois première sessions.$gTome2$w()113608 774 0 $aGranderath, Théodor $tConstitution De Fide Catholica. L'agitation extra conciliare.$gTome2$w()148646 774 0 $aGranderath, Théodor $tInfallibilité Pontificale.$gTome3$w()148941 774 0 $aGranderath, Théodor $tFin du Concile.$gTome3$w()149020 774 0 $tAppendices et Documents.$w()159731 996 $6245$aHistoire du Concile du Vatican depuis sa première annonce jusqu'a sa prorogation d'après les documents authentiques$9(OLS)http://semarc/title/1331 996 $6260$aBruxelles :$bDewit$9(OLS)http://semarc/publisher/30048